000 00424nam a2200157Ia 4500
008 210716s2000 xx 000 0 und d
020 _a130848468
041 _aeng
082 _a004.694 FELC
100 _aFellenstein, Craig; Wood, Ron.
245 _aExploring e-commerce, global e-business,and e-societies.
250 _a1
260 _aNew Jersey
_bPrentice Hall
_c2000
300 _axviii,269
650 _aE-Commerce
999 _c189218
_d189218